000 00828cam a22002777a 4500
003 CHAP
005 20220329134554.0
008 971013c19601953 r 00010 d
010 _a22380
011 _a23352
035 _a27448
040 _cCHAP
082 _a630.24
_bC65
100 0 0 _aComber, Norman Mederson.
_925546
245 1 3 _aAn introduction to agricultural chemistry
260 _aLondon :
_bArnold,
_c1960 (c1953)
300 _a348 p.
590 _aBATCH-UPD
_b10
_c20130110
_lUCH01
_h2052
590 _aBATCH-UPD
_b10
_c20130410
_lUCH01
_h1405
590 _aBATCH-UPD
_b10
_c20130914
_lUCH01
_h1012
590 _aCONVERSION
_b10
_c20130109
_lUCH01
_h1313
650 1 4 _aQuímica agrícola.
_993576
901 _aBK
942 _cLIBRO
949 _a630.24 C65
_bBC
_cLIBRO
_d33724000029112
_eLIBRO
_h19343
_i27448
_si
_t40.50
999 _c22380
_d22380